000 00613nam a22002057a 4500
999 _c182241
_d182241
005 20211102154214.0
010 _aB-741786
020 _a9788194427889
_c550.00
035 _aB-741786
037 _aDPL
_bGift
082 _a500
245 _aEncyclopedia of ultimate knowledge /
260 _aN.Delhi
_bLDS Marketing
_c2020
270 _a4803/24, Bharat ram Road, Daryaganj,
_bN.Delhi
_e110002
300 _a72p.
_c26cm(Hb)
_bill
490 _adiscovering the world
500 _aincludes INDEX
942 _2ddc
_cCH
_h000
_mULT